000 00357nam a22001217a 4500
008 230605b xxu||||| |||| 00| 0 eng d
082 _a321.80520
_bJOD
245 _aJournal of Democracy
_bChina's Changing of Guard
260 _aBaltimore,US
_bThe Hopkins University Press,Journals Division
_cJanuary 2003
300 _a189p
440 _n1
_v14
942 _2ddc
_cBK
999 _c257
_d257